| 000 | 003830000a22001570004500 | ||
|---|---|---|---|
| 005 | 20120302062435.0 | ||
| 942 | _cBOOK | ||
| 100 | _a Sharma,Shriram | ||
| 245 | _a Fulfilment of Human Necessities Through Gayatri Science:part-1 | ||
| 260 | _aBombay:Ashok Rawal,1985. | ||
| 300 | _a92p. | ||
| 040 | _aENG | ||
| 650 | _aPhilosophy | ||
| 650 | _aGayatri | ||
| 650 | _aMantra-Gayatri | ||
| 999 |
_c356719 _d356716 |
||